000 00820nam a2200253 i 4500
001 181667
003 ES-MaACL
005 20250822063231.0
008 130306s1973 sp |||| |bcat d
020 _a84-233-0809-X
080 _a929 Cambó, Francesc
080 _a94(460.23)"1902/31"
100 1 _aPla, Josep,
_d1897-1981
_9164614
245 1 0 _aFrancesc Cambó
_b: materials per a una història /
_cJosep Pla.
250 _a1ª ed.
260 _aBarcelona :
_bDestino,
_c1973.
300 _a604 p. ;
_c18 cm.
490 1 _aObra completa de Josep Pla ;
_v25
600 1 4 _aCambó, Francesc,
_d1876-1947
_934032
651 4 _aCataluña-
_xPolítica y gobierno-
_y1902-1931.
_9170930
830 0 _aObra completa de Josep Pla ;
_v25
_9191524
852 _aES-MaACL
_jJ-46(25)
999 _c181667
_d181667